000 00570nam a2200229Ia 4500
003 OSt
005 20220928115348.0
006 a|||||r|||| 00| 0
007 ta
008 220927b |||||||| |||| 00| 0 eng d
024 _a126019
037 _cTextual
040 _aSDCL
_cSDCL
_beng
041 _2eng
_aeng
082 _aB35, L7
100 _aSchreiber M
_9443997
245 0 _aDifferential forms
_b A heuristic introduction.
260 _c1977
300 _axi,150p.
_ccm.
942 _hB35, L7
_cTEXL
_2CC
999 _c759126
_d759126